Μαθητολόγιον Ελληνικής Σχολής Μεσολογγίου - Παλαμαικής σχολής - 1839-1860

Αποθηκεύτηκε σε:
Λεπτομέρειες βιβλιογραφικής εγγραφής
Άλλοι συγγραφείς: Τσατσά, Σωτηρία Ε. (edtf), Μπακαδήμα-Ξούργια, Μαρία (edtf)
Μορφή: Βιβλίο
Γλώσσα:Greek
Δημοσίευση: Μεσολόγγι : ΓΑΚ-Αρχεία Ν. Αιτωλ/νίας, 1995.
Σειρά:Γενικά Αρχεία του Κράτους. Αρχεία Ν. Αιτωλ/νίας ; 3
Θέματα:
Ετικέτες: Προσθήκη ετικέτας
Δεν υπάρχουν, Καταχωρήστε ετικέτα πρώτοι!

MARC

LEADER 00000cam a2200000 i 4500
001 1/9818
008 970401s1995 gr | ||| |||| ||gre||
020 |a 9608545226 
035 |l 10017627 
040 |a GR-MyUa  |b gre  |e AACR2 
041 0 |a gre 
082 7 |a 370.949518   |2 (22) 
245 0 0 |a Μαθητολόγιον Ελληνικής Σχολής Μεσολογγίου - Παλαμαικής σχολής - 1839-1860 /   |c εισαγωγή, έκδοση: Μαρία Μπακαδήμα-Ξούργια, Σωτηρία Τσατσά-Πατσουράκη. 
260 |a Μεσολόγγι :   |b ΓΑΚ-Αρχεία Ν. Αιτωλ/νίας,   |c 1995. 
300 |a 142 σ. :   |b εικ. ;   |c 24 εκ. 
490 1 |a (Γενικά Αρχεία του Κράτους. Αρχεία Αιτωλ/νίας ;   |v 3) 
500 |a Περιλαμβάνει ευρετήριο. 
650 0 |a Education  |z Greece  |z Mesolongion  |y 19th century. 
650 0 |a Archives  |z Greece  |z Mesolongion. 
700 1 |a Τσατσά, Σωτηρία Ε.  |e edtf 
700 1 |a Μπακαδήμα-Ξούργια, Μαρία,  |e edtf 
830 0 |a Γενικά Αρχεία του Κράτους. Αρχεία Ν. Αιτωλ/νίας ;  |v 3 
852 |a INST  |b LESVOS  |e 19970401  |h 370.949518 ΜΑΘ  |p 005100011662  |q 005100011662  |t BK  |y 0 
970 |z 2000/05/ΟΙΚΟΝΟΜΟΠΟΥΛΟΥ ΧΡΙΣΤΙΝΑ